[Event "XXXIII Memorial Edoardo Crespi Magistrale"]
[Site "Milano ITA"]
[Date "2012.12.08"]
[Round "9"]
[White "Marholev, Dimitar"]
[Black "Moroni, Luca Jr"]
[WhiteElo "2313"]
[BlackElo "2114"]
[Result "1/2-1/2"]
[PlyCount "65"]
[EventDate "2012.12.01"]

1. e4 c5 2. Nc3 d6 3. f4 g6 4. Nf3 Bg7 5. g3 Nc6 6. Bg2 e6 7. O-O Nge7 8. d3
O-O 9. Be3 Rb8 10. Qd2 Nd4 11. Bf2 Nec6 12. Nxd4 Nxd4 13. Nd1 b6 14. c3 Nc6 15.
d4 cxd4 16. cxd4 Bb7 17. Rc1 Ne7 18. Ne3 Qd7 19. Rfd1 Rbc8 20. b3 d5 21. e5
Rxc1 22. Rxc1 Rc8 23. Rxc8+ Qxc8 24. g4 a5 25. Bh4 Nc6 26. Nc2 Ba6 27. Bf6 Bf8
28. a3 Na7 29. f5 Nb5 30. fxg6 fxg6 31. a4 Na3 32. Nxa3 Bxa3 33. Bf1 1/2-1/2

[Event "XXXIII Memorial Edoardo Crespi Magistrale"]
[Site "Milano ITA"]
[Date "2012.12.08"]
[Round "9"]
[White "Martinez, Rolly"]
[Black "Rambaldi, Francesco"]
[WhiteElo "2441"]
[BlackElo "2308"]
[Result "1-0"]
[PlyCount "63"]
[EventDate "2012.12.01"]

1. e4 c5 2. Nf3 d6 3. d4 Nf6 4. Nc3 cxd4 5. Nxd4 a6 6. g3 e5 7. Nde2 b5 8. Bg2
Bb7 9. O-O Nbd7 10. Be3 Be7 11. h3 O-O 12. g4 b4 13. Nd5 Nxd5 14. exd5 Bg5 15.
Qd2 Bxe3 16. fxe3 a5 17. Ng3 Nb6 18. b3 Rc8 19. Rf2 Rc5 20. e4 Nc8 21. a3 bxa3
22. Rxa3 Nb6 23. Bf1 Qc7 24. Bd3 g6 25. Ra1 Qd8 26. Qh6 f6 27. Kh2 Bc8 28. Raf1
Rc7 29. Qd2 a4 30. Qb4 Rb7 31. bxa4 Kg7 32. Bb5 1-0

[Event "XXXIII Memorial Edoardo Crespi Magistrale"]
[Site "Milano ITA"]
[Date "2012.12.08"]
[Round "9"]
[White "Massironi, Marco"]
[Black "Lavorgna, Giovanni"]
[WhiteElo "2214"]
[BlackElo "2035"]
[Result "0-1"]
[PlyCount "64"]
[EventDate "2012.12.01"]

1. e4 c5 2. Nf3 d6 3. d4 cxd4 4. Nxd4 Nf6 5. Nc3 Nc6 6. Bg5 e6 7. Qd2 Bd7 8.
O-O-O a6 9. f4 Qc7 10. Kb1 Be7 11. Be2 h6 12. Bxf6 Bxf6 13. Ndb5 axb5 14. Nxb5
Qa5 15. Nxd6+ Ke7 16. Qxa5 Rxa5 17. e5 Nxe5 18. fxe5 Rxe5 19. Nxf7 Kxf7 20.
Rxd7+ Ke8 21. Rd2 Bg5 22. Bh5+ Ke7 23. Re2 Bf6 24. Bf3 Rd8 25. c4 b6 26. Rc2
Rd4 27. a3 Kd6 28. b4 Re3 29. Ka2 Rdd3 30. Rd1 Rxf3 31. Rcd2 Rf2 32. c5+ bxc5
0-1

[Event "XXXIII Memorial Edoardo Crespi Magistrale"]
[Site "Milano ITA"]
[Date "2012.12.08"]
[Round "9"]
[White "Mundorf, Johannes"]
[Black "Villa, Giorgio"]
[WhiteElo "2200"]
[BlackElo "1972"]
[Result "1-0"]
[PlyCount "129"]
[EventDate "2012.12.01"]

1. Nf3 d5 2. g3 Nf6 3. Bg2 c6 4. O-O Bf5 5. d3 e6 6. c4 Be7 7. Be3 Nbd7 8. Qb3
Qc7 9. Rc1 dxc4 10. Qxc4 O-O 11. Nc3 Ng4 12. Bd2 Qb6 13. Be1 Nge5 14. Nxe5 Nxe5
15. Qb3 Qxb3 16. axb3 Nd7 17. Nd1 Nc5 18. Bb4 b6 19. Bxc5 Bxc5 20. Bxc6 Rac8
21. Bb7 Rc7 22. Ba6 e5 23. b4 Bd6 24. Rxc7 Bxc7 25. Bb7 a5 26. Ne3 Be6 27. b5
Bd6 28. Bd5 Bc5 29. Bxe6 fxe6 30. Rc1 Rd8 31. Nc4 Rd5 32. Kf1 Kf8 33. Nxa5 bxa5
34. e4 Rxd3 35. Rxc5 Rb3 36. b6 Rxb6 37. Rxa5 Rxb2 38. Rxe5 Kf7 39. Kg2 Rb3 40.
Ra5 Kf6 41. h4 Rb7 42. Kh3 Rc7 43. Kg4 Rb7 44. f3 Rc7 45. Kf4 Rb7 46. g4 Rc7
47. g5+ Kf7 48. Ke5 h6 49. gxh6 gxh6 50. h5 Rb7 51. f4 Rc7 52. f5 exf5 53. Kd6
Rb7 54. Rxf5+ Ke8 55. Rc5 Rd7+ 56. Ke6 Re7+ 57. Kf5 Kf7 58. Rc6 Kg7 59. Rg6+
Kh7 60. e5 Rf7+ 61. Ke6 Ra7 62. Kf6 Ra5 63. Rg7+ Kh8 64. Rd7 Ra1 65. e6 1-0

[Event "XXXIII Memorial Edoardo Crespi Magistrale"]
[Site "Milano ITA"]
[Date "2012.12.08"]
[Round "9"]
[White "Pancevski, Filip"]
[Black "Shishkin, Vadim"]
[WhiteElo "2512"]
[BlackElo "2501"]
[Result "1/2-1/2"]
[PlyCount "97"]
[EventDate "2012.12.01"]

1. e4 c5 2. Nc3 Nc6 3. Nf3 d6 4. d4 cxd4 5. Nxd4 Nf6 6. Bg5 Qb6 7. Nb3 e6 8.
Qd2 Be7 9. Bxf6 gxf6 10. O-O-O Bd7 11. f4 O-O-O 12. Be2 Kb8 13. Rhf1 Na5 14.
Nxa5 Qxa5 15. Bg4 h5 16. Bh3 Bc8 17. Kb1 Rd7 18. Qd3 a6 19. Qg3 Rdd8 20. Rf3
Qc5 21. Rfd3 Bd7 22. Qe1 Rc8 23. Qg3 Bc6 24. a3 h4 25. Qe1 Rc7 26. Qd2 b5 27.
Qe1 Bb7 28. Qe2 Ka8 29. f5 Qe5 30. Qg4 Bc8 31. Qg7 Rf8 32. Rd4 Qxh2 33. a4 bxa4
34. Rxa4 Qe5 35. Bg4 Bb7 36. fxe6 fxe6 37. Be2 f5 38. Qxe5 dxe5 39. Bxa6 Kb8
40. Re1 f4 41. Be2 Bc5 42. Bf3 Rfc8 43. Nd1 Bb6 44. c3 Rh7 45. Rh1 Rg8 46. Rb4
Ba7 47. Rb5 h3 48. Rxe5 hxg2 49. Bxg2 1/2-1/2

[Event "XXXIII Memorial Edoardo Crespi Magistrale"]
[Site "Milano ITA"]
[Date "2012.12.08"]
[Round "9"]
[White "Quaranta, Cristiano"]
[Black "Lapiccirella, Daniele"]
[WhiteElo "2102"]
[BlackElo "2210"]
[Result "1/2-1/2"]
[PlyCount "24"]
[EventDate "2012.12.01"]

1. d4 d5 2. c4 c6 3. cxd5 cxd5 4. Nc3 Nf6 5. Nf3 Nc6 6. Bf4 a6 7. e3 Bg4 8. Be2
e6 9. h3 Bxf3 10. Bxf3 Bd6 11. Bxd6 Qxd6 12. O-O O-O 1/2-1/2

[Event "XXXIII Memorial Edoardo Crespi Magistrale"]
[Site "Milano ITA"]
[Date "2012.12.08"]
[Round "9"]
[White "Rettore, Ludwig"]
[Black "Sardo, Gabriele"]
[WhiteElo "2115"]
[BlackElo "2178"]
[Result "0-1"]
[PlyCount "82"]
[EventDate "2012.12.01"]

1. Nf3 Nf6 2. d4 d5 3. e3 e6 4. Nbd2 c5 5. c3 Nc6 6. Bd3 Bd6 7. O-O O-O 8. Re1
Qc7 9. e4 dxe4 10. Nxe4 Nxe4 11. Rxe4 cxd4 12. Rh4 f5 13. cxd4 Nb4 14. Bb1 Bd7
15. Bd2 Rac8 16. Bxb4 Bxb4 17. Bd3 Be7 18. Rh3 Bf6 19. Qd2 Qd6 20. Qe3 Bc6 21.
Ne5 Qd5 22. f3 Rfd8 23. Bc4 Qxc4 24. Nxc4 Bxd4 25. Re1 Bxe3+ 26. Rxe3 Bd5 27.
Ne5 Rc2 28. Nd3 Bc6 29. Ne1 Rxb2 30. Rxe6 Rxa2 31. Rh5 g6 32. Rh4 Kf7 33. Re3
h5 34. Nd3 Kf6 35. f4 Rxg2+ 36. Kf1 Rd2 37. Nf2 R8d4 38. Ke1 Ra2 39. Rc3 Rb4
40. Nd3 Rb1+ 41. Nc1 Bg2 0-1

[Event "XXXIII Memorial Edoardo Crespi Magistrale"]
[Site "Milano ITA"]
[Date "2012.12.08"]
[Round "9"]
[White "Solodovnichenko, Yuri"]
[Black "Maiorov, Nikita"]
[WhiteElo "2557"]
[BlackElo "2541"]
[Result "1/2-1/2"]
[PlyCount "24"]
[EventDate "2012.12.01"]

1. e4 e5 2. Nf3 Nc6 3. Nc3 Nf6 4. d4 exd4 5. Nxd4 Bb4 6. Nxc6 bxc6 7. Bd3 O-O
8. O-O d5 9. exd5 cxd5 10. h3 c6 11. Qf3 Bd6 12. Bf4 Rb8 1/2-1/2

[Event "XXXIII Memorial Edoardo Crespi Magistrale"]
[Site "Milano ITA"]
[Date "2012.12.08"]
[Round "9"]
[White "Stella, Andrea"]
[Black "Friedrichs, Klaus"]
[WhiteElo "2453"]
[BlackElo "2301"]
[Result "1-0"]
[PlyCount "81"]
[EventDate "2012.12.01"]

1. Nf3 c5 2. c4 g6 3. Nc3 Bg7 4. g3 Nc6 5. Bg2 Nh6 6. h4 d6 7. d3 Bg4 8. h5 Qd7
9. Ng5 O-O-O 10. f3 Be6 11. Nd5 f6 12. Nxe6 Qxe6 13. g4 Kb8 14. Be3 g5 15. Qd2
Rhg8 16. O-O-O f5 17. Bxg5 fxg4 18. Kb1 Nf7 19. Be3 gxf3 20. Bh3 Qe5 21. exf3
Nd4 22. f4 Qxh5 23. Nxe7 Rge8 24. Bd7 Qxd1+ 25. Qxd1 Rxe7 26. Bxd4 Bxd4 27. Bf5
Rg8 28. Be4 Nd8 29. f5 Reg7 30. Bd5 Re8 31. Qh5 Rge7 32. Be4 Nf7 33. a3 h6 34.
Rh2 Ng5 35. Qxh6 Nxe4 36. dxe4 Rxe4 37. Qxd6+ Ka8 38. Rg2 a6 39. f6 Re1+ 40.
Ka2 Rf1 41. Qe7 1-0

[Event "XXXIII Memorial Edoardo Crespi Magistrale"]
[Site "Milano ITA"]
[Date "2012.12.08"]
[Round "9"]
[White "Stromboli, Carlo"]
[Black "Sanchez, Joseph"]
[WhiteElo "2326"]
[BlackElo "2533"]
[Result "0-1"]
[PlyCount "80"]
[EventDate "2012.12.01"]

1. e4 d5 2. exd5 Nf6 3. Nc3 Nxd5 4. Nxd5 Qxd5 5. Qf3 Qc5 6. c3 e5 7. Ne2 Nc6 8.
b4 Qd6 9. Ng3 Be6 10. Nf5 Qd7 11. Ne3 f5 12. Bc4 f4 13. b5 fxe3 14. bxc6 exf2+
15. Kd1 bxc6 16. Qh5+ Kd8 17. Bxe6 Qxe6 18. Qh4+ Be7 19. Qxf2 Rf8 20. Qe2 Kd7
21. Rf1 Rxf1+ 22. Qxf1 Qg4+ 23. Qf3 Qxf3+ 24. gxf3 Rf8 25. Ke2 Rf5 26. Bb2 Rh5
27. Rh1 Ke6 28. Kf2 Bc5+ 29. Kg2 Rg5+ 30. Kh3 Kf5 31. Bc1 Rh5+ 32. Kg2 e4 33.
Rf1 Bd6 34. h3 Rg5+ 35. Kf2 Rg3 36. fxe4+ Kxe4 37. Rh1 Kd3 38. Ke1 g5 39. Kf2
h5 40. a3 h4 0-1

[Event "XXXIII Memorial Edoardo Crespi Magistrale"]
[Site "Milano ITA"]
[Date "2012.12.08"]
[Round "9"]
[White "Van Den Bersselaar, Jeroen"]
[Black "Loehnhardt, Benjamin"]
[WhiteElo "2176"]
[BlackElo "2073"]
[Result "1-0"]
[PlyCount "53"]
[EventDate "2012.12.01"]

1. d4 e6 2. g3 c5 3. Nf3 cxd4 4. Nxd4 Nc6 5. c4 a6 6. Bg2 Qb6 7. Nc2 Nf6 8. Nc3
Ng4 9. O-O Be7 10. e4 h5 11. h3 Nge5 12. Be3 Qa5 13. Qe2 b5 14. cxb5 axb5 15.
Nxb5 Ba6 16. a4 Nb4 17. Bd2 Ned3 18. Qxd3 Nxd3 19. Bxa5 Bxb5 20. axb5 Rb8 21.
b6 e5 22. b4 Rh6 23. Rab1 Rc6 24. Ne3 Bxb4 25. Bxb4 Rcxb6 26. Nd5 R6b7 27. Rb3
1-0

[Event "XXXIII Memorial Edoardo Crespi Magistrale"]
[Site "Milano ITA"]
[Date "2012.12.08"]
[Round "9"]
[White "Vezzosi, Paolo"]
[Black "Collutiis, Duilio"]
[WhiteElo "2307"]
[BlackElo "2495"]
[Result "0-1"]
[PlyCount "58"]
[EventDate "2012.12.01"]

1. d4 Nf6 2. c4 c5 3. d5 b5 4. cxb5 a6 5. b6 e6 6. Nc3 Bb7 7. e4 exd5 8. exd5
d6 9. a4 a5 10. Bb5+ Nbd7 11. Bg5 Be7 12. Nge2 O-O 13. O-O Nxb6 14. Bxf6 Bxf6
15. Qd3 c4 16. Qd2 Rc8 17. Rad1 Rc5 18. Ne4 Rxd5 19. Qxa5 Bxb2 20. Rxd5 Bxd5
21. N4c3 Ba8 22. Rb1 Qg5 23. g3 Ba3 24. Qxb6 Bc5 25. Qa6 Qf6 26. Nd1 Qf3 27.
Kf1 Qh1+ 28. Ng1 Qg2+ 29. Ke2 Qe4+ 0-1

[Event "XXXIII Memorial Edoardo Crespi Magistrale"]
[Site "Milano ITA"]
[Date "2012.12.08"]
[Round "9"]
[White "Welling, Gerard"]
[Black "Pelizzola, Danilo"]
[WhiteElo "2338"]
[BlackElo "2062"]
[Result "1-0"]
[PlyCount "115"]
[EventDate "2012.12.01"]

1. e4 c5 2. d3 Nc6 3. g3 g6 4. Bg2 Bg7 5. f4 d6 6. Nf3 Nf6 7. O-O O-O 8. Nc3 e6
9. Kh1 Bd7 10. Be3 Rc8 11. Bg1 b6 12. Qd2 Bh6 13. Rae1 e5 14. Ng5 Nd4 15. Qd1
Qe7 16. fxe5 dxe5 17. Nf3 Qd6 18. Be3 Bxe3 19. Rxe3 Bg4 20. Qd2 Kg7 21. Ng1 b5
22. h3 b4 23. Nd5 Nxd5 24. exd5 Bd7 25. g4 f6 26. c3 Nb5 27. Ne2 bxc3 28. bxc3
Qc7 29. Ng3 Nd6 30. c4 Rb8 31. Re2 a5 32. g5 Nf5 33. Nxf5+ Bxf5 34. gxf6+ Rxf6
35. Rfe1 Re8 36. Qc3 Kf7 37. Kg1 Rb6 38. Qxa5 Bxd3 39. Rb2 Reb8 40. Rxb6 Rxb6
41. Qc3 Rb1 42. Rxb1 Bxb1 43. a4 Ke7 44. Qe1 Bf5 45. Qh4+ Ke8 46. Qf6 Qe7 47.
Qb6 e4 48. Qb8+ Kf7 49. d6 Qe5 50. Qb7+ Kf6 51. Qxh7 Qd4+ 52. Kh1 Qd1+ 53. Kh2
Qxd6+ 54. Kh1 Qd1+ 55. Kh2 Qxa4 56. Qh8+ Kg5 57. Qd8+ Kh5 58. h4 1-0